Statistiques concernant Questions pour experts Pokémon #1

Cliquez ici pour prendre le quiz!

Statistiques générales

  • Ce quiz a été pris 87 fois
  • Le résultat moyen est 18 sur 50

Statistiques - réponses

QuestionRéponse% Correct
Qui est l'aîné des Lames de la Justice ?Cobaltium
73%
Comment se nomme la méga-gemme qui permet de transformer un Galeking en Méga-Galeking ?Galekingite
64%
L'Ultra-Forêt est un lieu de l'ultra-dimension accessible dans Pokémon Ultra-Soleil et Ultra-Lune. Mais quelle ultra-chimère était capturable dans ce monde précis ?Katagami
61%
Quel membre du Conseil 4 d'Unys avait déjà fait une apparition dans une génération antérieure ?Percila
61%
Après quel pokémon très rare court Viviane, une dresseuse qui accompagne le joueur dans la quatrième génération ?Shaymin
61%
Quel est le nom "officiel" de l'héroine incarnée par le joueur dans Pokémon Noir et Blanc ?Ludvina
56%
Lequel de ces rivaux a un père dont on ne connaît pas l'identité ?Nabil (8G)
55%
Qu'est ce qu'il était possible de faire dans Pokémon Heartgold / Soulsilver mais pas dans pokémon Or, Argent, Cristal ?Utiliser Vol pour aller à Johto depuis le Plateau Indigo.
53%
Dans laquelle de ces régions y a t'il un magasin de vélos ?Kalos
52%
Lequel de ces pokémon est un fabuleux qui ne répond plus à la définition officielle d'un pokémon fabuleux ?Deoxys
51%
Quelle taille mesure Primo-Groudon, le pokémon capable d'accomplir la dérive des continents ?5,0m
49%
Combien de pokémon sont incapables d'utiliser une CT (au 12 juin 2020) ?12
45%
Lequel de ces objets n'a jamais existé dans la série principale Pokémon ?Passe Croisière
45%
Lequel de ces pokémon n'a aucune forme alternative ?Rocabot
45%
Que se passe-t'il si un pokémon utilise Riposte après avoir subi une attaque multi-coups ?Il renvoie le double des dégâts infligés par le dernier coup reçu.
44%
Laquelle de ces capacités a été annoncée comme supprimée avec la sortie de Pokémon Epée et Bouclier ?Vent Mauvais
40%
Depuis la septième génération, sans aucun boost issu d'un objet, d'un talent ou d'une capacité, quelle est la probabilité d'effectuer un coup critique avec une capacité offensive ?1 chance sur 24 (4,16%)
39%
Aurore est une capacité qui rend des PV. Cependant, il s'agissait auparavant de la capacité signature d'un pokémon. Mais lequel ?Mentali
39%
A partir de quelle génération a-t'il été possible de poser des entry hazards (piège de roc, picots, pics toxik, ...) sur le terrain ?2ème
38%
Lors de l'élection du "Pokémon de l'année 2020" par les internautes, lequel de ces pokémon est arrivé en tête parmi sa génération ?Noctali
38%
Lequel de ces pokémon court le plus vite ?Ossatueur d'Alola
38%
Laquelle de ces attaques fait le plus de dégâts à un pokémon neutre ayant toutes ses statistiques égales ?Une Bombe Beurk de Kravarech ayant le talent Adaptabilité
38%
En comptant ceux obtenus lors d'évènements Nintendo, combien est-il possible d'avoir de logiciels Pokémontre dans Pokémon Diamant et Perle ?25
36%
Dans la deuxième génération, Fargas fabrique des balls à partir de noigrumes. Mais combien y en a t'il de différentes ?7
36%
Lequel de ces talents existait en 3ème génération, mais a disparu par la suite car il était trop similaire à un autre ?Cacophonie
36%
Lequel de ces pokémon peut utiliser TOUTES les capacités du jeu ?Métamorph
35%
Quelle est la probabilité de geler un pokémon en utilisant la capacité Triplattaque ?6,67%
34%
Lequel de ces talents ne s'appelle plus comme ça ?Piège
32%
Laquelle de ces classes de dresseurs n'a jamais existé ?Racaille
32%
Lequel de ces pokémon n'a jamais pu apprendre Vol Magnétik ?Vibraninf
32%
Le type Glace est très rare en stratégie. Mais combien de pokémon DIFFERENTS de ce type ne sont utilisables qu'en OU, toutes générations confondues (au 12 juin 2020) ?12
31%
Laquelle de ces capacités infligera des dégâts en premier dans un tour ?Mitra-Poing
31%
Que se passe-t'il si un pokémon utilise Demi-Tour et que son adversaire utilise Poursuite lors du même tour ?Cela dépend de la vitesse des deux pokémon.
30%
Laquelle de ces espèces de pokémon ne présente aucune différence entre sa forme mâle et sa forme femelle ?Zéblitz
29%
Pour rester dans le thème, Azumarill a une base d'attaque de 50. Mais à combien monte virtuellement celle-ci si on lui applique le talent Coloforce ?150
27%
D'après le pokédex, lequel de ces pokémon est de couleur blanche ?Wattouat
27%
Quelle est la puissance maximale de Noeud Herbe atteinte sur un pokémon de plus de 200,1 kg ?120
26%
Buée Noire est une capacité très utile en stratégie Pokémon. Mais en quelle génération a-t'elle été introduite ?1ère
26%
Comment était-il prévu que Smogo et Smogogo soient initialement nommés ?New York et Los Angeles
26%
Utilisées comme des capacités Z, quelle puissance auront les attaques Abîme, Empal'Korne, Glaciation et Guillotine ?180
23%
Lequel de ces talents n'a jamais subi de modification d'effet depuis son apparition ?Imposteur
22%
Lequel de ces talents (au 12 juin 2020) est porté par le plus d'espèces de pokémon ?Glissade
21%
Lequel de ces pokémon a la plus haute Base Statistique Totale ?Florges
18%
Qui est le plus rapide ?Ultra-Necrozma
18%
Dans Epée et Bouclier (au 12 juin 2020), combien d'espèces de pokémon complètement évolués peuvent utiliser l'attaque Cognobidon ?6
17%
Laquelle de ces capacités a la plus haute priorité dans un tour ?Saisie
17%
Quelle est la base d'attaque de Marill ?20
16%
Lequel de ces pokémon est décrit comme le pokémon "Bouboule" ?Qwilfish
16%
Qui est le plus lourd de ces insectes régionaux ?Larvadar
12%
Combien d'îles peuplées d'humains compte l'archipel d'Alola ?7
6%

Distribution des résultats

Percentile par nombre de réponses

% des personnes avec chaque résultat

Votre développement - résultats

Vous n’avez pas pris ce quiz